El periódico Palabra Socialista (1912-1914) y los comienzos de la disidencia marxista en el PS

El texto aborda el análisis del periódico Palabra Socialista, primer órgano del ala izquierda del Partido Socialista que desembocará en 1918 en la creación del Partido Socialista Internacional (luego Partido Comunista). Se relevan aspectos técnicos, las principales ideas programáticas, se traza un c...

Full description

Bibliographic Details
Main Author: Díaz, Hernán M.
Format: Analitica de revista
Language:Spanish
Published: Buenos Aires: Centro de Estudios Históricos de los Trabajadores y las Izquierdas (CEHTI), 2015.
Subjects:
Online Access:Acceso electrónico al documento

MARC

LEADER 00000cab a2200000 a 4500
008 160613s2015 ag 000 spa
952 |0 0  |1 0  |4 0  |6 ARCHIVOS_6_15_000000000000000  |7 0  |8 COMP  |9 89567  |a BC  |b BC  |c Hemeroteca  |d 2018-03-22  |l 0  |o ARCHIVOS-6/15  |r 2018-03-22 00:00:00  |w 2018-03-22  |y REVA 
999 |c 50444  |d 50444 
040 |a UAHC_CL  |c UAHC_CL  |d UAHC_CL 
100 |9 2544  |a Díaz, Hernán M. 
245 |a El periódico Palabra Socialista (1912-1914) y los comienzos de la disidencia marxista en el PS  |c Hernán M. Díaz. 
260 |a Buenos Aires:  |b Centro de Estudios Históricos de los Trabajadores y las Izquierdas (CEHTI),  |c 2015. 
300 |a p.95-113 
500 |a En: Archivos de historia del movimiento obrero y la izquierda. Año III, no. 6, marzo 2015. pp.95-113. ISSN: 2313-9749. 
520 |a El texto aborda el análisis del periódico Palabra Socialista, primer órgano del ala izquierda del Partido Socialista que desembocará en 1918 en la creación del Partido Socialista Internacional (luego Partido Comunista). Se relevan aspectos técnicos, las principales ideas programáticas, se traza un cuadro de los principales miembros del grupo y se realiza un balance de su participación en el ámbito de la política argentina entre 1912 y 1914. 
650 0 |a Socialismo  |z Argentina  |9 2482 
650 0 |9 2345  |a Partidos socialistas  |z Argentina 
653 |a Periodismo -- Aspectos políticos -- Argentina 
773 |t Archivos de historia del movimiento obrero y la izquierda 
856 |y Acceso electrónico al documento  |u http://www.archivosrevista.com.ar.ca1.toservers.com/contenido/wp-content/uploads/2015/03/Diaz.pdf 
900 |a ARCHIVOS-6/15 
942 |c REVA